00970 2200349 4500001002100000005001500021035002000036007000300056040001700059100002200076245005200098250001000150300003800160020002200198041000800220082001100228084001700239090002600256264004000282336002100322337003000343338002300373650002000396850001000416008004100426260003500467504003000502990002200532990002200554990002200576990002200598INLIS00000000000948720260420093703 a0010-1222000092ta aSBPUPADbind0 aRifka:ePengarang1 aCerdas Meraup Rupiah Budidaya Ikan Mas /cRifka aCet.1 a108 hlm. :bilus. ;c140 x 205 mm a978-602-6348-09-80 aind a639.31 a639.31 RIF c a633.89 TIM k L 18 R 8 aJawa Barat :bAir Publishing,c2016 2rdacontentateks 2rdamediaatanpa perantara 2rdacarrieravolume 4aTeknik Terampil aPUPAD260420 0  aJakarta :bRineka Cipta,c2011 abibiliografi, hlm 106-107 a24.559/H/DPK/2017 a24.622/B/DPK/2018 a24.558/H/DPK/2017 a24.558/H/DPK/2017